|
|
|
|
| LEADER |
01056nam a2200301 a 4500 |
| 001 |
013262145 |
| 008 |
101219s2005 enka 001 0 eng d |
| 999 |
|
|
|c 10280
|d 10280
|
| 020 |
|
|
|a 9781856694377 (pbk.)
|
| 020 |
|
|
|a 1856694372 (pbk.)
|
| 040 |
|
|
|a StDuBDS
|b eng
|c StDuBDS
|d Uk
|d BD-DhAAL
|
| 082 |
0 |
4 |
|a 686.22
|2 22
|
| 100 |
1 |
|
|a Baines, Phil,
|d 1958-
|9 32526
|
| 245 |
1 |
0 |
|a Type and typography /
|c Phil Baines & Andrew Haslam.
|
| 250 |
|
|
|a 2nd ed.
|
| 260 |
|
|
|a London :
|b Laurence King,
|c 2005.
|
| 300 |
|
|
|a 224 p. :
|b ill. (some col.) ;
|c 26 cm.
|
| 490 |
0 |
|
|a Portfolio
|
| 500 |
|
|
|a Previous ed.: 2002.
|
| 500 |
|
|
|a Includes index.
|
| 526 |
|
|
|a ARC
|
| 541 |
1 |
|
|e 00021644
|
| 650 |
|
0 |
|a Type and type-founding.
|9 32527
|
| 650 |
|
0 |
|a Printing.
|9 32528
|
| 700 |
1 |
|
|a Haslam, Andrew.
|9 32529
|
| 852 |
4 |
|
|a Ayesha Abed library
|c General Shelf.
|
| 942 |
|
|
|2 ddc
|c BK
|
| 952 |
|
|
|0 0
|1 0
|2 ddc
|4 0
|6 686_220000000000000_BAI
|7 0
|9 13732
|a BRACUL
|b BRACUL
|c GEN
|d 2011-01-02
|e Zeenat Book Supply Ltd.
|g 2925.00
|l 4
|m 45
|o 686.22 BAI
|p 3010021644
|r 2014-09-15
|s 2014-09-13
|t 1
|w 2011-01-02
|y BK
|